Câu chữ truyện kiều

Các bài viết phần nhiều là câu trả lời cho độc giả hỏi về những câu từ, điển tích trong Truyện Kiều, qua đó tác giả diễn giải theo góc nhìn mới, ý kiến riêng có của mình. Cũng có khi, An Chi đối thoại, tranh luận với nhiều tác giả, học gi...

Πλήρης περιγραφή

Αποθηκεύτηκε σε:
Λεπτομέρειες βιβλιογραφικής εγγραφής
Κύριος συγγραφέας: An Chi
Μορφή: Βιβλίο
Γλώσσα:Vietnamese
Έκδοση: Tp. Hồ Chí Minh Tổng hợp TP Hồ Chí Minh 2017
Έκδοση:Tái bản
Θέματα:
Ετικέτες: Προσθήκη ετικέτας
Δεν υπάρχουν, Καταχωρήστε ετικέτα πρώτοι!
Thư viện lưu trữ: Thư viện Trường Đại học Nam Cần Thơ
LEADER 01227nam a22002057a 4500
001 NCT_61923
008 190315b xxu||||| |||| 00| 0 vie d
999 |c 2998  |d 2998 
020 |a 9786045964432  |c 40000 
082 0 4 |2 23rd ed.  |a 895.92212  |b Ch300 
100 1 |a An Chi 
245 1 0 |a Câu chữ truyện kiều  |c An Chi 
250 |a Tái bản 
260 |a Tp. Hồ Chí Minh  |b Tổng hợp TP Hồ Chí Minh  |c 2017 
300 |a 306 tr.  |c 24cm 
520 3 |a Các bài viết phần nhiều là câu trả lời cho độc giả hỏi về những câu từ, điển tích trong Truyện Kiều, qua đó tác giả diễn giải theo góc nhìn mới, ý kiến riêng có của mình. Cũng có khi, An Chi đối thoại, tranh luận với nhiều tác giả, học giả về từng câu chữ để đưa ra cách hiểu hợp lý nhất, đúng nhất có thể. 
653 |a Sách tham khảo 
942 |2 ddc  |c BK 
952 |0 0  |1 0  |2 ddc  |4 0  |6 895_922120000000000_CH300  |7 0  |9 16263  |a 000001  |b 000001  |d 2019-03-15  |o 895.92212 Ch300  |p TK.01326  |r 2019-03-15  |v 40000.00  |w 2019-03-15  |y BK 
980 |a Thư viện Trường Đại học Nam Cần Thơ